000 01152nam a2200229Ia 4500
003 Ost
005 20260507075352.0
008 260507s9999||||xx |||||||||||||| ||und||
020 _a43663419779
040 _cfsecg
041 _aara
082 _a330
100 _aعصران، عصران جلال
_eمؤلف
245 0 _aالإستثمار والتمويل وإستراتيجيات تسعير الأوراق المالية /
_c عصران جلال عصران
260 _aالإسكندرية:
_bدار التعليم الجامعي,
_c2012
300 _a256 صفحة؛
_bإيضاحات ؛
_c24 سم
520 _aأسواق الأوراق المالية- التحليل المالي للقوائم المالية لاغراض الاستثمار- التحليل الأساسي في اتخاذ القرار الاستثمارى- التحليل الفني للأوراق المالية- تحليل عائد ومخاطر الأوراق المالية- معايير اختيار الأسهم-حالات تطبيقة
653 _aالإستثمار
653 _aالأوراق النقدية
653 _aالتمويل
942 _cكتاب
999 _c44143
_d44143